Patterns in the Early Poetry of Israel.

محفوظ في:

المؤلف الرئيسي: Gevirtz, Stanley, 1929- (مؤلف)

التنسيق: كتاب

اللغة: English

منشور في: Chicago : University of Chicago Press, [1963].

سلاسل: Studies in Ancient Oriental Civilization ; 32.
SAOC ; 32.

الموضوعات:

الوسوم: إضافة وسم

لا توجد وسوم, كن أول من يضع وسما على هذه التسجيلة!

رقم الطلب: DS57 .C5 v.32

LEADER 01015namaa2200289 4500
001 12563
003 OSt
005 20241015122348.0
008 130303s1963 ilu b 000 0 eng d
952 |0 0  |1 0  |2 lcc  |3 V.32  |4 0  |6 DS0057 C5 V.00032  |7 1  |9 16229  |a ARCE  |b ARCE  |d 2021-06-17  |l 0  |o DS57 .C5 v.32  |p 1006410  |r 2021-06-17 00:00:00  |w 2021-06-17  |y BK 
999 |c 12779  |d 12779 
010 |a 63019668 
040 |c ARCE Library 
050 4 |a DS57 .C5 v.32 
100 1 |a Gevirtz, Stanley,  |d 1929-  |e author  |9 30635 
245 1 0 |a Patterns in the Early Poetry of Israel. 
264 1 |a Chicago :  |b University of Chicago Press,  |c [1963]. 
300 |a x, 97 pages ;  |c 25 cm. 
490 1 |a Studies in Ancient Oriental Civilization ;   |v 32. 
490 1 |a SAOC ;   |v 32. 
504 |a Includes bibliographical references.  
650 0 |a Hebrew poetry  |x History and criticism. 
650 0 |a Hebrew poetry, Biblical. 
830 0 |a Studies in Ancient Oriental Civilization ;   |v 32. 
830 0 |a SAOC ;   |v 32. 
901 |a reviewed 
942 |c BK  |2 lcc